Horse & pony book / Carolyn Henderson.
Available copies
- 1 of 1 copy available at LARL/NWRL Consortium.
Current holds
0 current holds with 1 total copy.
Show All Copies
| Location | Call Number / Copy Notes | Barcode | Shelving Location | Status | Due Date |
|---|---|---|---|---|---|
| Karlstad LINK Site | 798.2 HEN (Text) | 35500003240239 | Main | Available | - |
Record details
- ISBN: 0789485117 (Hardcover)
- Physical Description: 160 p. : col. ill. ; 28 cm.
- Edition: 1st American ed.
- Publisher: New York : DK Publishing, c2002.
Content descriptions
| General Note: | Includes index. |
Search for related items by subject
| Subject: | Horses > Handbooks, manuals, etc. Horse breeds. |
| LDR | 00829cam a2200253Ia 4500 | ||
|---|---|---|---|
| 001 | 38644 | ||
| 003 | LARL_NWRL_CONSORTIUM | ||
| 005 | 20020408163257.0 | ||
| 008 | 020314s2002 nyua 001 0 eng d | ||
| 020 | . | ‡a0789485117 (Hardcover) | |
| 035 | . | ‡a(OCoLC)49316188 | |
| 040 | . | ‡aVHB ‡cVHB ‡dKRL | |
| 090 | . | ‡aSF285.3 ‡b.H456 2002 | |
| 092 | . | ‡a798.2 H | |
| 100 | 1 | . | ‡aHenderson, Carolyn. ‡0(LARL_NWRL_CONSORTIUM)117924 |
| 245 | 1 | 0. | ‡aHorse & pony book / ‡cCarolyn Henderson. |
| 250 | . | ‡a1st American ed. | |
| 260 | . | ‡aNew York : ‡bDK Publishing, ‡cc2002. | |
| 300 | . | ‡a160 p. : ‡bcol. ill. ; ‡c28 cm. | |
| 500 | . | ‡aIncludes index. | |
| 650 | 0. | ‡aHorses ‡vHandbooks, manuals, etc. | |
| 650 | 0. | ‡aHorse breeds. ‡0(LARL_NWRL_CONSORTIUM)22380 | |
| 901 | . | ‡a38644 ‡bOCLC ‡c38644 ‡tbiblio | |

Add to basket
Permalink
Disable Highlighting